Isaac Asimov's treasury of humor : a lifetime collection of favorite jokes, anecdotes, and limericks with copious notes on how to tell them and why.

Bibliographic Details
Main Author: Asimov, Isaac, 1920-1992
Format: Book
Language:English
Published: Boston : Houghton Mifflin, [1991]
Subjects:

MARC

Tag First Indicator Second Indicator Subfields
LEADER 00000cam a2200000 a 4500
001 in00001435430
005 20151020092356.0
008 901107r19911971mau 001 0 eng
010 |a  90024552  
020 |a 0395572266 :  |c $10.95 
035 |a (OCoLC)22811098 
035 |9 AHS1283AM 
040 |a DLC  |c DLC  |d UtOrBLW 
049 |a TXAG 
050 0 0 |a PN6151  |b .A8 1991 
082 0 0 |a 808.87  |2 20 
100 1 |a Asimov, Isaac,  |d 1920-1992. 
240 1 0 |a Treasury of humor 
245 1 0 |a Isaac Asimov's treasury of humor :  |b a lifetime collection of favorite jokes, anecdotes, and limericks with copious notes on how to tell them and why. 
264 1 |a Boston :  |b Houghton Mifflin,  |c [1991] 
300 |a xi, 431 pages ;  |c 21 cm. 
336 |a text  |b txt  |2 rdacontent 
337 |a unmediated  |b n  |2 rdamedia 
338 |a volume  |b nc  |2 rdacarrier 
500 |a Originally published in 1971 under title: Treasury of humor. 
500 |a Includes index. 
650 0 |a Wit and humor. 
999 |a MARS 
999 f f |s b4950a6b-04ba-3c1c-9a6a-483fa93386a1  |i 88dadbdc-d0e6-3acb-8aa7-0052f574ce0a  |t 0 
952 f f |p ric  |a Texas A&M University  |b Rellis Campus  |c Joint Library Facility  |d Remote Storage  |t 0  |e PN6151 .A8 1991  |h Library of Congress classification  |i unmediated -- volume  |m A14822375826 
998 f f |a PN6151 .A8 1991  |t 0  |l Remote Storage